000 00420nam a2200145 a 4500
001 000042880
005 20201002040452.0
008 090831s19uu dr a 000 0 spa d
040 _aDO-SdBNP
_bspa
_cBNPHU
082 _axxxx
_bxxxx
100 1 _aRestrepo Merido, Pablo
_970308
245 1 0 _aQuímica básica /
_cPablo Restrepo Merido.
260 _aSanto Domingo, :
_bSusaeta,
_c[19uu].
300 _a395 p. :
_bil. ;
_c22 cm.
999 _c42369
_d42369